000 00297nam a22001337a 4500
008 170421b xxu||||| |||| 00| 0 eng d
020 _a9780471689324
041 _aeng
080 _a573
100 _a11
101 _aSHM
245 _aVISUALIZING HUMAN BIOLOGY
_cIRELAND, K.A
942 _2udc
_cBK
999 _c11560
_d11560